=LDR 00000nam 2200000 4500 =001 INLIS000000000024989 =005 20130612123531 =008 ***********************************Ind** =035 ##$$0010-061300000024989 =041 ##$$a Ind =082 ##$$a 650.1 =090 ##$$a 650.1, Jaw c =100 ##$$a Al-Jawad, Muhammad Ahmad Abdul =245 ##$$a Catatan harian seorang direktur sukses, kiat sukses dalam berkarir, Muhammad Ahmad Abd Al-Jawad =260 ##$$a 2004 $b Surabaya =300 ##$$a 135 hlm, 21 cm =650 ##$$a Sukses =850 ##$$a NBPNMAT